LEADER 00921nam0 2200289 450 001 000019129 005 20081110164002.0 100 $a20081110d1961----km-y0itay50------ba 101 0 $aeng 102 $aUS 105 $ay-------001yy 200 1 $a<>determination of orbits$fA.D. Dubyago$gtranslated from the Russian by R. D. Burke ... 210 $aNew York$cMacMillan Co.$d1961 215 $axiv, 434 P.$d26 cm 500 10$a<>determination of orbits$932357 610 1 $aPianeti$aOrbita 610 1 $aStelle 676 $a523.4$v21$9Astronomia descrittiva. Pianeti 676 $a523.8$v21$9Stelle 700 1$aDubyago,$bA. D.$0632322 702 1$aBurke,$bR. D. 801 0$aIT$bUNIPARTHENOPE$c20081110$gRICA$2UNIMARC 912 $a000019129 951 $aG 521.3/1$bG 54$cDSA$d2008 951 $aG 521.3/2$bG 682$cDSA$d2008 996 $aDetermination of orbits$932357 997 $aUNIPARTHENOPE LEADER 01126nam0 22002651i 450 001 UON00209208 005 20231205103327.682 010 $a01-982363-2-8 100 $a20030730d1997 |0itac50 ba 101 $aeng 102 $aGB 105 $a||||0 ||||| 200 1 $a Computer-assisted language learning$econtext and conceptualization$fMichael Levy 210 $aOxford$cClarendon Press$d1997. xv$d298 p. ; 22 cm. 606 $aLINGUE STRANIERE$xInsegnamento$xUso dell'elaboratore elettronico$3UONC093262$2FI 620 $aGB$dOxford$3UONL000029 676 $a418.020285$cLinguaggio parlato. Elaborazione dei dati. Applicazioni dell'elaboratore.$v21 700 1$aLEVY$bMichael$3UONV125825$0372355 712 $aClarendon Press$3UONV246509$4650 801 $aIT$bSOL$c20240220$gRICA 899 $aSIBA - SISTEMA BIBLIOTECARIO DI ATENEO$2UONSI 912 $aUON00209208 950 $aSIBA - SISTEMA BIBLIOTECARIO DI ATENEO$dSI Angl VIII $eSI LO 63066 5 996 $aComputer-assisted language learning$91260811 997 $aUNIOR